000 00853nam a2200265 i 4500
001 bg
100 1 _aPawlus, Paweł.
245 1 0 _aTopografia powierzchni :
_bpomiar, analiza, oddziaływanie /
_cPaweł Pawlus.
260 _aRzeszów :
_bOficyna Wydawnicza Politechniki Rzeszowskiej,
_c2005.
300 _a448 s. :
_bil. ;
_c24 cm.
500 _aStreszcz. ang.
504 _aBibliogr. przy rozdz.
650 9 _aInżynieria powierzchni
650 9 _aPowierzchnia
_xpomiary
650 9 _aStereometria
650 9 _aTrybologia
020 _a8371993609
040 _cBPK
041 0 _apol
_beng
080 _a621.791/.795:620.1:621.89
920 _a83-7199-360-9
942 _cKS
008 130116s2005 pl a f |000 0 pol
999 _c46773
_d46773
856 _uhttp://koha.tu.koszalin.pl/cgi-bin/koha/opac-detail.pl?biblionumber=46773
_yKatalog online BPK